000
002060000a22000970004500
100
1
_a
Carter, Mike
245
1
0
_a
Agroforestry
300
_a
Núm 5, (1990). Páginas 4-5
773
0
_t
Paso a paso
942
_c
ANA
999
_c
52059
_d
52059